| 000 | 00701nam a2200217 a 4500 | ||
|---|---|---|---|
| 001 | 000012423 | ||
| 005 | 20240530073913.0 | ||
| 008 | 091112s2006 dr 000 f spa d | ||
| 020 | _a9993456020 | ||
| 040 |
_aDO-SdBNP _bspa _cBNPHU |
||
| 082 |
_aRD863.44 _bI32s |
||
| 100 | 1 |
_aImbert Brugal, Carmen, _d1955- _916402 |
|
| 245 | 1 | 0 |
_aSueños de salitre / _cCarmen Imbert Brugal. |
| 260 |
_aSanto Domingo : _bNorma, _c2006. |
||
| 300 |
_a146 p. ; _c22 cm. |
||
| 500 | _aIncluye datos biográficos de la autora en la solapa de la cubierta. | ||
| 590 | _aInventariado, 2020/BT | ||
| 650 | 0 |
_aNovela dominicana _9223 |
|
| 650 | 0 |
_aLiteratura dominicana. _967 |
|
| 910 | _aValidado. Control de calidad MFF | ||
| 999 |
_c12080 _d12080 |
||